[Event "N1 Reykjavik Open 2014"]
[Site "Reykjavik, Iceland"]
[Date "2014.03.09"]
[Round "7.54"]
[White "Bisby, Daniel L"]
[Black "Raddatz, Michael"]
[Result "1-0"]
[WhiteElo "2314"]
[BlackElo "2044"]
[EventDate "2014.03.04"]
[PlyCount "101"]

1. e4 c5 2. Nf3 e6 3. d4 cxd4 4. Nxd4 Nf6 5. Nc3 Nc6 6. Be2 a6 7. Nxc6 
dxc6 8. Qxd8+ Kxd8 9. Bf4 Bb4 10. O-O-O+ Ke7 11. f3 Nd7 12. a3 Bc5 13. e5 
h6 14. h4 f6 15. exf6+ gxf6 16. Ne4 e5 17. Nxc5 Nxc5 18. Be3 Ne6 19. Rd2 
c5 20. Bc4 b6 21. Rhd1 Nd4 22. c3 Nf5 23. Bf2 h5 24. b4 Be6 25. Bxe6 Kxe6 
26. g4 hxg4 27. fxg4 Nxh4 28. Rd7 Nf5 29. gxf5+ Kxf5 30. bxc5 bxc5 31. 
Bxc5 Rh4 32. Rf1+ Rf4 33. Rxf4+ Kxf4 34. Rf7 f5 35. Bd6 Rd8 36. Rf6 Ke4 
37. Re6 Kd5 38. Bc7 Kxe6 39. Bxd8 Kd5 40. Kd2 f4 41. Bb6 Kc4 42. Bc7 Kd5 
43. Kd3 e4+ 44. Kd2 f3 45. Bb6 Kc6 46. Bd4 Kd5 47. Kc2 Kc4 48. a4 a5 49. 
Be3 Kd5 50. Kb3 Kc6 51. Kc4 1-0

[Event "N1 Reykjavik Open 2014"]
[Site "Reykjavik, Iceland"]
[Date "2014.03.09"]
[Round "7.55"]
[White "Kristinsson, Jon"]
[Black "Hardarson, Jon Trausti"]
[Result "1-0"]
[WhiteElo "2290"]
[BlackElo "2033"]
[EventDate "2014.03.04"]
[PlyCount "0"]

1. d4 d5 2. c4 e6 3. Nf3 c6 4. Nc3 dxc4 5. a4 Bb4 6. e4 b5 7. Qc2 a5 8. 
Be2 Ne7 9. O-O Bxc3 10. bxc3 O-O 11. Bg5 Qc7 12. Rfd1 f6 13. Bh4 Rd8 14. 
Bg3 Qa7 15. Rab1 Bd7 16. h4 Be8 17. Nh2 f5 18. Bf3 fxe4 19. Bxe4 h6 20. 
axb5 cxb5 21. Bxa8 Qxa8 22. Qe2 Qc6 23. Re1 Nd5 24. Rbc1 Nd7 25. Qxe6+ 
Qxe6 26. Rxe6 N7b6 27. Rxb6 1-0

[Event "N1 Reykjavik Open 2014"]
[Site "Reykjavik, Iceland"]
[Date "2014.03.09"]
[Round "7.56"]
[White "Svensson, Lars-Ake"]
[Black "Olafsson, Thorvardur"]
[Result "1/2-1/2"]
[WhiteElo "2007"]
[BlackElo "2254"]
[EventDate "2014.03.04"]
[PlyCount "0"]

1. e4 e5 2. Nf3 Nc6 3. Bb5 a6 4. Ba4 Nf6 5. d3 b5 6. Bb3 Be7 7. c3 d6 8. 
h3 h6 9. Nbd2 Na5 10. Bc2 c5 11. Nf1 Nc6 12. Ng3 O-O 13. O-O Re8 14. Qe2 
Bf8 15. Rd1 Qc7 16. Be3 d5 17. Rac1 d4 18. Bd2 Be6 19. Bb1 Qb6 20. cxd4 
cxd4 21. Nh2 Rac8 22. Qf3 Nh7 23. Nf5 Ne7 24. Nxe7+ Rxe7 25. Qe2 Rec7 26. 
Nf3 Bd6 27. Qe1 Rxc1 28. Rxc1 Qd8 29. Rxc8 Qxc8 30. Qc1 Qxc1+ 31. Bxc1 Nf8
32. Bd2 Nd7 33. Kf1 Nb6 34. Ke2 Na4 35. Bc1 f6 36. Nd2 Bb4 37. Kd1 g5 38. 
a3 Be7 39. Bc2 Nc5 40. b4 Nd7 41. Bb3 Kf7 42. Bxe6+ Kxe6 43. Nb3 h5 44. 
Bd2 f5 45. f3 f4 46. Ke2 Nf6 47. Be1 Ng8 48. Bd2 Nh6 49. Be1 g4 50. hxg4 
hxg4 51. Na5 g3 52. Bd2 Nf7 53. Nb3 Bd6 54. Na5 Nh8 55. Bc1 Ng6 56. Bd2 
Ne7 57. Kd1 Nc8 58. Kc2 Nb6 59. Be1 Nd7 60. Kd1 Bc7 61. Nb3 Bb6 62. Bd2 
Nb8 63. Be1 Nc6 64. Bd2 Ke7 65. Kc2 Bc7 66. Be1 Bd6 67. Bd2 Kd7 68. Be1 
Kc7 69. Bd2 Kb7 70. Be1 a5 71. Nxa5+ Nxa5 72. bxa5 Bxa3 73. Kb3 Bd6 74. 
Bd2 Ka7 75. Be1 Ka6 76. Bd2 Kb7 1/2-1/2

[Event "N1 Reykjavik Open 2014"]
[Site "Reykjavik, Iceland"]
[Date "2014.03.09"]
[Round "7.57"]
[White "Steindorsson, Sigurdur P."]
[Black "Van der Merwe, Cecile H."]
[Result "1-0"]
[WhiteElo "2215"]
[BlackElo "2026"]
[EventDate "2014.03.04"]
[PlyCount "0"]

1. c4 e5 2. Nc3 Nf6 3. g3 Bb4 4. Bg2 O-O 5. Nf3 Nc6 6. O-O d6 7. d4 Bxc3 
8. bxc3 h6 9. d5 Na5 10. c5 Re8 11. Qa4 b6 12. c4 dxc5 13. Bb2 Qd6 14. Nd2
Bf5 15. Bc3 Nb7 16. Qa3 a5 17. f4 exf4 18. Rxf4 Bg6 19. e4 Nd7 20. Re1 Ne5
21. Bxe5 Rxe5 22. Nf3 Rae8 23. Nxe5 Qxe5 24. Qd3 Nd6 25. h4 f5 26. Bh3 
fxe4 27. Qe2 Bh5 28. Qg2 Qd4+ 29. Kh2 Bf3 30. Qc2 Kh8 31. Bd7 Rd8 32. Be6 
Qxc4 33. Qxc4 Nxc4 34. Rf7 Ne5 35. Rxc7 Nd3 36. Re3 Nb4 37. d6 Rxd6 38. 
Rc8+ Kh7 39. Bf5+ g6 40. Rc7+ Kg8 41. Bxe4 Bxe4 42. Rxe4 Kf8 43. Rf4+ Ke8 
44. Rff7 Nd5 45. Rb7 Re6 46. Rh7 Ne7 47. Rxh6 Kf7 48. Rh7+ Kf6 49. g4 Nd5 
50. Rhf7+ Ke5 51. Kg3 c4 52. h5 gxh5 53. Rf5+ Ke4 54. Rd7 Re5 55. Rxe5+ 
Kxe5 56. gxh5 c3 57. h6 Nf6 58. Kf3 Kf5 59. Rc7 Kg6 60. Rxc3 Kxh6 61. Rc6 
Kg5 62. Rxb6 Kf5 63. Rb5+ Ke6 64. Rxa5 Nd5 65. Ke4 Nb4 66. Rb5 Nxa2 67. 
Kd3 Kd6 68. Rb2 1-0

[Event "N1 Reykjavik Open 2014"]
[Site "Reykjavik, Iceland"]
[Date "2014.03.09"]
[Round "7.58"]
[White "Dolzhikova, Olga"]
[Black "Omtvedt, Per"]
[Result "1-0"]
[WhiteElo "2212"]
[BlackElo "2008"]
[EventDate "2014.03.04"]
[PlyCount "0"]

1. e4 Nf6 2. e5 Nd5 3. d4 d6 4. c4 Nb6 5. exd6 exd6 6. Nc3 Be7 7. Be3 Nc6 
8. b3 Bf5 9. Rc1 Qd7 10. Nf3 O-O 11. d5 Nd8 12. Be2 c5 13. O-O Nc8 14. Nd2
h6 15. g4 Bh7 16. f4 f5 17. g5 Re8 18. Rf3 Nf7 19. h4 g6 20. Rg3 hxg5 21. 
hxg5 Bf8 22. Bd3 Bg7 23. Bf2 Kf8 24. Nf3 Ne7 25. Qc2 Bg8 26. Nh4 Nh8 27. 
Ne2 b6 28. Be1 Bh7 29. Rh3 Kg8 30. Kf2 Rf8 31. Bd2 Rf7 32. Rch1 Bf8 33. 
Bc3 Re8 34. Ng3 Bg7 35. Bd2 Bd4+ 36. Kf1 Ref8 37. Ne2 Bg7 38. Nf3 Ba1 39. 
Kg2 Bd4 40. Nexd4 cxd4 41. Nxd4 1-0

[Event "N1 Reykjavik Open 2014"]
[Site "Reykjavik, Iceland"]
[Date "2014.03.09"]
[Round "7.59"]
[White "Carvalho Beserra, Juan Pablo"]
[Black "Zoldan, Matteo"]
[Result "1/2-1/2"]
[WhiteElo "2005"]
[BlackElo "2209"]
[EventDate "2014.03.04"]
[PlyCount "0"]

1. f4 c5 2. Nf3 g6 3. e4 Bg7 4. Nc3 Nc6 5. Bc4 e6 6. a4 Nge7 7. O-O d5 8. 
exd5 exd5 9. Bb5 O-O 10. Bxc6 Nxc6 11. d3 Re8 12. Re1 Rxe1+ 13. Qxe1 Nb4 
14. Qf2 Bf5 15. Ne5 c4 16. g4 Be6 17. dxc4 dxc4 1/2-1/2

[Event "N1 Reykjavik Open 2014"]
[Site "Reykjavik, Iceland"]
[Date "2014.03.09"]
[Round "7.60"]
[White "Johannsson, Orn Leo"]
[Black "Gueler, Sebastian"]
[Result "0-1"]
[WhiteElo "1999"]
[BlackElo "2208"]
[EventDate "2014.03.04"]
[PlyCount "46"]

1. e4 e6 2. d4 d5 3. Nd2 c5 4. exd5 Qxd5 5. Ngf3 cxd4 6. Bc4 Qd6 7. O-O 
Nf6 8. Nb3 Nc6 9. Nbxd4 Nxd4 10. Nxd4 a6 11. c3 Qc7 12. Qe2 Bd6 13. h3 O-O
14. Bb3 b6 15. Bg5 Bb7 16. Bxf6 gxf6 17. Qh5 Kh8 18. Bd1 Rg8 19. Bf3 Rg5 
20. Qh6 Rg6 21. Qe3 Rag8 22. Bxb7 Qxb7 23. g4 Rxg4+ 0-1

[Event "N1 Reykjavik Open 2014"]
[Site "Reykjavik, Iceland"]
[Date "2014.03.09"]
[Round "7.61"]
[White "Thiry, Jean-Christophe"]
[Black "Teitsson, Magnus"]
[Result "1/2-1/2"]
[WhiteElo "1996"]
[BlackElo "2207"]
[EventDate "2014.03.04"]
[PlyCount "83"]

1. d4 d5 2. Bf4 c5 3. e3 Nc6 4. c3 Qb6 5. Qb3 c4 6. Qc2 e5 7. dxe5 Bf5 8. 
Qc1 Nge7 9. Nf3 Ng6 10. Bg3 Bc5 11. Be2 f6 12. exf6 O-O 13. O-O Rae8 14. 
Nd4 Bxd4 15. cxd4 Nb4 16. fxg7 Kxg7 17. Nc3 Qd8 18. Qd2 Bd3 19. a3 Bxe2 
20. Nxe2 Nd3 21. Nc1 Nxc1 22. Raxc1 h5 23. h3 b5 24. Qb4 Re6 25. Qxb5 h4 
26. Bh2 Qg5 27. Qd7+ Re7 28. Qg4 Qxg4 29. hxg4 Re4 30. f3 Rxe3 31. Rfe1 
Rb3 32. Rc2 h3 33. Rc3 Rxb2 34. gxh3 Nf4 35. Bxf4 Rxf4 36. Rd1 Kg6 37. h4 
a5 38. Re3 a4 39. Rde1 Rxd4 40. Re6+ Kf7 41. Re7+ Kf8 42. Re8+ 1/2-1/2

[Event "N1 Reykjavik Open 2014"]
[Site "Reykjavik, Iceland"]
[Date "2014.03.09"]
[Round "7.62"]
[White "Rydstrom, Tom"]
[Black "Michalowski, Peter"]
[Result "1-0"]
[WhiteElo "2198"]
[BlackElo "1985"]
[EventDate "2014.03.04"]
[PlyCount "77"]

1. e4 c5 2. Nf3 d6 3. d4 cxd4 4. Nxd4 Nf6 5. Nc3 a6 6. Bg5 Nbd7 7. f3 Qb6 
8. Nb3 e6 9. Qd2 Qc7 10. h4 Be7 11. O-O-O b5 12. Kb1 Bb7 13. a3 h6 14. Bf4
e5 15. Be3 Rc8 16. g4 Nb6 17. Qf2 Nfd7 18. Rh2 g6 19. Qd2 h5 20. Bg5 Nf8 
21. Bxe7 Kxe7 22. Bxb5 axb5 23. Nxb5 Nc4 24. Qb4 Qb8 25. Na5 Ba6 26. Nxd6 
Qxb4 27. Nxc8+ Bxc8 28. Nc6+ Kf6 29. g5+ Ke6 30. axb4 Nd7 31. b3 Na3+ 32. 
Kb2 Nb5 33. Rhd2 Bb7 34. Na5 Bc8 35. Rd5 Nd4 36. c3 Nxf3 37. Rd6+ Ke7 38. 
Nc6+ Kf8 39. Na7 1-0

[Event "N1 Reykjavik Open 2014"]
[Site "Reykjavik, Iceland"]
[Date "2014.03.09"]
[Round "7.63"]
[White "Sahl, Sheila Barth"]
[Black "Thorsteinsdottir, Hallgerdur"]
[Result "1-0"]
[WhiteElo "2196"]
[BlackElo "1967"]
[EventDate "2014.03.04"]
[PlyCount "0"]

1. e4 c6 2. d4 d5 3. exd5 cxd5 4. c4 Nf6 5. Nc3 Nc6 6. Bg5 Be6 7. Be2 Rc8 
8. Bf3 Qb6 9. Nge2 Na5 10. c5 Qd8 11. b4 Nc6 12. b5 Na5 13. O-O Bg4 14. 
Bxg4 Nxg4 15. Nf4 h6 16. Bxe7 Bxe7 17. Qxg4 O-O 18. Nfxd5 Bf6 19. Nxf6+ 
Qxf6 20. Nd5 1-0

[Event "N1 Reykjavik Open 2014"]
[Site "Reykjavik, Iceland"]
[Date "2014.03.09"]
[Round "7.64"]
[White "Hellwig, Tobias"]
[Black "Longo, Tyler"]
[Result "1-0"]
[WhiteElo "2180"]
[BlackElo "1961"]
[EventDate "2014.03.04"]
[PlyCount "73"]

1. d4 d5 2. g3 Nf6 3. Bg2 e6 4. Nf3 Be7 5. O-O O-O 6. b3 b6 7. c4 Bb7 8. 
cxd5 exd5 9. Qc2 Nbd7 10. Nc3 Rc8 11. Rd1 c5 12. Bb2 Ne4 13. Nxe4 dxe4 14.
 Ne1 cxd4 15. Qb1 f5 16. Bxd4 Bf6 17. Bxf6 Rxf6 18. g4 g6 19. Qb2 Rf7 20. 
f3 Qh4 21. gxf5 gxf5 22. Qd4 Nf6 23. Qe5 Nh5 24. e3 exf3 25. Nxf3 Qg4 26. 
Rd4 Qg7 27. Qe6 Bxf3 28. Qxc8+ Rf8 29. Qc4+ Kh8 30. Qf1 Bb7 31. Rad1 Rg8 
32. R1d2 Qg5 33. Kh1 Qh6 34. Rh4 Qg5 35. Rxh5 Bxg2+ 36. Rxg2 Qxh5 37. Qa1+
1-0

[Event "N1 Reykjavik Open 2014"]
[Site "Reykjavik, Iceland"]
[Date "2014.03.09"]
[Round "7.65"]
[White "Derraugh, Geordie"]
[Black "Sigurjonsson, Siguringi"]
[Result "1/2-1/2"]
[WhiteElo "2173"]
[BlackElo "1948"]
[EventDate "2014.03.04"]
[PlyCount "87"]

1. e4 d6 2. d4 g6 3. Nc3 Bg7 4. Be3 a6 5. Qd2 Nd7 6. h4 h5 7. O-O-O b5 8. 
Kb1 Bb7 9. f3 Ngf6 10. Nh3 Rc8 11. Qe1 e5 12. dxe5 Nxe5 13. f4 Neg4 14. e5
Nd7 15. e6 fxe6 16. Bd4 e5 17. fxe5 dxe5 18. Be3 Nxe3 19. Qxe3 O-O 20. Ne4
Qe7 21. Nhg5 Rce8 22. Bd3 Nf6 23. Qa7 Bc8 24. Ng3 e4 25. N3xe4 Nxe4 26. 
Bxe4 Qb4 27. Bd5+ Be6 28. Bb3 Bxb3 29. axb3 Qe7 30. Rhf1 Rxf1 31. Rxf1 Qe5
32. c3 b4 33. Qxa6 Qe2 34. Qxe2 Rxe2 35. Rd1 Bf6 36. g4 hxg4 37. Rg1 bxc3 
38. bxc3 Bxc3 39. Rxg4 Be5 40. Nf3 Kf7 41. Rg5 Bf6 42. Rc5 Rb2+ 43. Kc1 
Rxb3 44. Rxc7+ 1/2-1/2

[Event "N1 Reykjavik Open 2014"]
[Site "Reykjavik, Iceland"]
[Date "2014.03.09"]
[Round "7.66"]
[White "Mehringer, Joerg"]
[Black "Beltz, Franziska"]
[Result "0-1"]
[WhiteElo "1927"]
[BlackElo "2155"]
[EventDate "2014.03.04"]
[PlyCount "70"]

1. e4 c5 2. Nc3 Nc6 3. g3 g6 4. Bg2 Bg7 5. Nge2 e6 6. O-O Nge7 7. d3 O-O 
8. Bg5 h6 9. Be3 Nd4 10. Qd2 Kh7 11. Nd1 d5 12. Nf4 dxe4 13. dxe4 Qb6 14. 
c3 Rd8 15. Qc1 e5 16. cxd4 cxd4 17. Ne2 dxe3 18. Nxe3 Be6 19. b3 Rac8 20. 
Qb2 Qb4 21. Rfd1 a5 22. Rxd8 Rxd8 23. Nc3 Rd3 24. Rc1 Qd4 25. Rc2 Qb4 26. 
Bf1 Rd4 27. Nc4 Nc6 28. a3 Qe7 29. Nb5 Rxe4 30. Nbd6 Re1 31. Qc3 Rd1 32. 
Ne4 Nd4 33. Rb2 Bh3 34. Ne3 Ra1 35. Nd2 Ne2+ 0-1

[Event "N1 Reykjavik Open 2014"]
[Site "Reykjavik, Iceland"]
[Date "2014.03.09"]
[Round "7.67"]
[White "Chernukhin, Alexander"]
[Black "Andersen, Niels Erik"]
[Result "1-0"]
[WhiteElo "2135"]
[BlackElo "1940"]
[EventDate "2014.03.04"]
[PlyCount "65"]

1. Nf3 Nf6 2. g3 g6 3. Bg2 Bg7 4. O-O O-O 5. c4 c5 6. Nc3 Nc6 7. d4 Nxd4 
8. Nxd4 cxd4 9. Qxd4 d6 10. Qd3 Nd7 11. b3 Nc5 12. Qd2 Bf5 13. Bb2 Qd7 14.
 Rfe1 Rac8 15. Rac1 a6 16. Nd5 Qd8 17. Bxg7 Kxg7 18. Ne3 Bd7 19. b4 Ne6 
20. Bxb7 Rb8 21. Bxa6 Nc7 22. Bb5 Nxb5 23. cxb5 Rxb5 24. a4 Rh5 25. b5 Qa8
26. Qd4+ Kg8 27. Rc7 Rd8 28. Rec1 Re5 29. b6 Bh3 30. b7 Qb8 31. Nd5 Re8 
32. e4 h6 33. f4 1-0

[Event "N1 Reykjavik Open 2014"]
[Site "Reykjavik, Iceland"]
[Date "2014.03.09"]
[Round "7.68"]
[White "Robson, Paul E"]
[Black "Vanheirzeele, Daniel"]
[Result "1/2-1/2"]
[WhiteElo "1915"]
[BlackElo "2116"]
[EventDate "2014.03.04"]
[PlyCount "81"]

1. Nf3 c5 2. e4 e6 3. d4 cxd4 4. Nxd4 Nf6 5. Nc3 Nc6 6. Be3 Bb4 7. Bd3 d5 
8. Nxc6 bxc6 9. exd5 Nxd5 10. Bd2 Nxc3 11. bxc3 Bd6 12. O-O O-O 13. Qh5 g6
14. Qf3 Bd7 15. Rfd1 Qc7 16. h4 c5 17. Bc4 Bc6 18. Qh3 Bf4 19. Be3 Bb7 20.
 h5 Rad8 21. hxg6 hxg6 22. Rd3 Kg7 23. Rad1 Rh8 24. Bxf4 Qxf4 25. Qg3 Rxd3
26. cxd3 Qf5 27. f3 Qf6 28. Rc1 Rh5 29. Kf2 Rg5 30. Qh3 Qf4 31. Rc2 Re5 
32. Re2 Rxe2+ 33. Kxe2 Qc1 34. Qg3 Qxc3 35. Qc7 Qb2+ 36. Kf1 Qb6 37. Qe5+ 
Kf8 38. Qh8+ Ke7 39. Qh4+ Ke8 40. Qh8+ Ke7 41. Qh4+ 1/2-1/2

[Event "N1 Reykjavik Open 2014"]
[Site "Reykjavik, Iceland"]
[Date "2014.03.09"]
[Round "7.69"]
[White "Hauksson, Hordur Aron"]
[Black "Petursson, Gudni"]
[Result "0-1"]
[WhiteElo "1756"]
[BlackElo "2104"]
[EventDate "2014.03.04"]
[PlyCount "0"]

1. d4 Nf6 2. c4 c5 3. d5 e6 4. Nc3 exd5 5. cxd5 d6 6. Nf3 g6 7. g3 Bg7 8. 
Bg2 O-O 9. O-O Na6 10. Ne1 Nc7 11. a4 b6 12. f4 Ba6 13. Bf3 Qd7 14. Nc2 
Rfe8 15. Re1 Re7 16. e3 Rae8 17. Ra3 h5 18. Qd2 Ng4 19. h3 Nxe3 20. Rxe3 
Rxe3 21. Nxe3 Rxe3 22. Kg2 Re8 23. Ne4 Bb7 24. Rd3 c4 25. Rd4 f5 26. Ng5 
Qxa4 27. b3 Qxb3 28. g4 c3 29. Qd3 Ba6 0-1

[Event "N1 Reykjavik Open 2014"]
[Site "Reykjavik, Iceland"]
[Date "2014.03.09"]
[Round "7.70"]
[White "Grove, Michael"]
[Black "Jorgensen, Line Jin"]
[Result "1/2-1/2"]
[WhiteElo "2097"]
[BlackElo "1923"]
[EventDate "2014.03.04"]
[PlyCount "118"]

1. e4 e6 2. d4 d5 3. Nc3 Nf6 4. Bg5 Bb4 5. Ne2 dxe4 6. a3 Be7 7. Bxf6 Bxf6
8. Nxe4 Nc6 9. c3 O-O 10. g3 b6 11. Bg2 Bb7 12. Qa4 Be7 13. O-O Qc8 14. b4
Nd8 15. Rad1 c6 16. Rfe1 Qc7 17. c4 a5 18. Qb3 axb4 19. axb4 Kh8 20. Nf4 
Bc8 21. d5 e5 22. Ne2 cxd5 23. cxd5 Bd6 24. N2c3 Bd7 25. Rc1 Qb8 26. Nxd6 
Qxd6 27. Ne4 Qb8 28. Qc3 Ra7 29. Re2 h6 30. h3 f5 31. Nd2 Nf7 32. Nf3 e4 
33. Nd4 Qd6 34. Nc6 Ra4 35. Rd2 Rfa8 36. b5 Kh7 37. Bf1 Ng5 38. Bg2 Nf7 
39. Bf1 Re8 40. Re1 Kh8 41. Qe3 Ra3 42. Qd4 Ng5 43. Bg2 e3 44. Rde2 exf2+ 
45. Qxf2 Rxe2 46. Rxe2 Rxg3 47. Kh1 Nxh3 48. Qxb6 Kh7 49. Qb8 Qxb8 50. 
Nxb8 Bxb5 51. Rb2 Nf4 52. d6 Be8 53. Bf1 Rg6 54. Rd2 Rf6 55. Bc4 h5 56. 
Kh2 Kh6 57. Kh1 g5 58. d7 Bxd7 59. Nxd7 Rc6 1/2-1/2

[Event "N1 Reykjavik Open 2014"]
[Site "Reykjavik, Iceland"]
[Date "2014.03.09"]
[Round "7.71"]
[White "Szalontay, Mihaly"]
[Black "Jonsson, Olafur Gisli"]
[Result "1-0"]
[WhiteElo "2066"]
[BlackElo "1890"]
[EventDate "2014.03.04"]
[PlyCount "45"]

1. e4 e5 2. Nf3 Nc6 3. d4 exd4 4. Nxd4 Nf6 5. Nxc6 bxc6 6. e5 Qe7 7. Qe2 
Nd5 8. c4 Nb6 9. Nc3 Qe6 10. Qe4 g6 11. Be2 Bg7 12. f4 Ba6 13. b3 O-O 14. 
Bb2 Rfe8 15. Qf3 f6 16. Ne4 d6 17. O-O fxe5 18. fxe5 d5 19. Nc5 Qc8 20. 
Qg3 Nd7 21. Bg4 Re7 22. Nxd7 Rxd7 23. Qh3 1-0

[Event "N1 Reykjavik Open 2014"]
[Site "Reykjavik, Iceland"]
[Date "2014.03.09"]
[Round "7.72"]
[White "Abrahams, Daniel"]
[Black "Fridgeirsson, Dagur Andri"]
[Result "0-1"]
[WhiteElo "2055"]
[BlackElo "1803"]
[EventDate "2014.03.04"]
[PlyCount "40"]

1. e4 c5 2. Nf3 Nc6 3. d4 cxd4 4. Nxd4 Qb6 5. Nb3 Nf6 6. Nc3 e6 7. Bd3 Be7
8. f4 d5 9. exd5 exd5 10. Qf3 Bg4 11. Nxd5 Nxd5 12. Qxg4 Bb4+ 13. Kf1 O-O 
14. g3 Rad8 15. Kg2 a5 16. Qf3 a4 17. Nd2 Ne3+ 18. Kh3 Ne5 19. Qh5 Nxd3 
20. cxd3 Rd5 0-1

[Event "N1 Reykjavik Open 2014"]
[Site "Reykjavik, Iceland"]
[Date "2014.03.09"]
[Round "7.73"]
[White "Pupols, Viktors"]
[Black "Sigurdsson, Birkir Karl"]
[Result "1-0"]
[WhiteElo "2049"]
[BlackElo "1738"]
[EventDate "2014.03.04"]
[PlyCount "83"]

1. d4 Nf6 2. c4 e6 3. Nf3 b6 4. g3 Bb7 5. Bg2 Be7 6. O-O O-O 7. Nc3 Ne4 8.
 Nxe4 Bxe4 9. Ne1 Bxg2 10. Nxg2 d5 11. Qa4 Qd7 12. Qxd7 Nxd7 13. cxd5 exd5
14. Nf4 Nf6 15. Rd1 Rfd8 16. Bd2 Ne4 17. Be1 Rac8 18. e3 Bg5 19. Ne2 Rd7 
20. Rac1 c5 21. dxc5 bxc5 22. Rc2 g6 23. Bb4 Rdd8 24. Ba3 a5 25. Kg2 Bh6 
26. b3 Bg7 27. f3 Ng5 28. Rxc5 Rxc5 29. Bxc5 a4 30. Be7 Re8 31. Bxg5 axb3 
32. axb3 h6 33. Bf4 g5 34. Bd6 Rxe3 35. Nd4 Bxd4 36. Rxd4 Rxb3 37. Rxd5 
Rb2+ 38. Kh3 Rb3 39. Rf5 Rd3 40. Be5 Rd5 41. g4 Rd3 42. Kg3 1-0

[Event "N1 Reykjavik Open 2014"]
[Site "Reykjavik, Iceland"]
[Date "2014.03.09"]
[Round "7.74"]
[White "Jonsson, Gauti Pall"]
[Black "Halldorsson, Jon Arni"]
[Result "0-1"]
[WhiteElo "1618"]
[BlackElo "2185"]
[EventDate "2014.03.04"]
[PlyCount "88"]

1. e4 e6 2. d4 d5 3. exd5 exd5 4. c4 Nf6 5. Nf3 Be7 6. Bd3 O-O 7. O-O c6 
8. h3 Nbd7 9. Nc3 dxc4 10. Bxc4 Nb6 11. Bd3 Be6 12. Bg5 Re8 13. Re1 Nbd5 
14. Qd2 Nb4 15. Bb1 Qc7 16. a3 Nbd5 17. Ba2 Rad8 18. Nxd5 Nxd5 19. Bxe7 
Rxe7 20. Rac1 Qf4 21. Qxf4 Nxf4 22. Bxe6 Rxe6 23. Rxe6 Nxe6 24. Rc4 Kf8 
25. g3 f6 26. Kf1 Ke7 27. Ke2 Rd5 28. Ke3 Rb5 29. b4 a5 30. Ne1 axb4 31. 
Rxb4 Rxb4 32. axb4 Kd6 33. Nf3 Kd5 34. Kd3 g5 35. Nd2 f5 36. Nc4 Ng7 37. 
g4 b5 38. Ne3+ Ke6 39. Nxf5 Nxf5 40. gxf5+ Kxf5 41. Ke3 g4 42. hxg4+ Kxg4 
43. Ke4 h5 44. f3+ Kg3 0-1

[Event "N1 Reykjavik Open 2014"]
[Site "Reykjavik, Iceland"]
[Date "2014.03.09"]
[Round "7.75"]
[White "Hoffmann, Hendrik"]
[Black "Saraiva, Alexandre Pacheco"]
[Result "1-0"]
[WhiteElo "2244"]
[BlackElo "1963"]
[EventDate "2014.03.04"]
[PlyCount "0"]

1. e4 e5 2. Nf3 Nc6 3. Nc3 Nf6 4. d4 d6 5. dxe5 Nxe5 6. Nxe5 dxe5 7. Qxd8+
Kxd8 8. Bg5 c6 9. Bc4 Ke8 10. O-O-O Nd7 11. Kb1 f6 12. Be3 Bb4 13. Ne2 Nf8
14. c3 Be7 15. Ng3 g6 16. f4 h5 17. Rhf1 exf4 18. Bxf4 Be6 19. Bd3 a6 20. 
Ne2 c5 21. Be3 g5 22. e5 fxe5 23. Ng3 b6 24. Be4 Rd8 25. Bc6+ Bd7 26. Bb7 
Bb5 27. Rfe1 Rxd1+ 28. Rxd1 a5 29. Ne4 Nd7 30. Nxg5 Bd8 31. b3 Be2 32. Rd2
Bg4 33. Be4 Rg8 34. Nf3 Bc7 35. h3 Be6 36. Ng5 Nf8 37. Nxe6 Nxe6 38. Bc6+ 
Ke7 39. Rd7+ Kf6 40. Bd5 Bd8 41. Rd6 1-0

[Event "N1 Reykjavik Open 2014"]
[Site "Reykjavik, Iceland"]
[Date "2014.03.09"]
[Round "7.77"]
[White "Finnbogadottir, Tinna Kristin"]
[Black "Bjornsson, Sverrir Orn"]
[Result "1/2-1/2"]
[WhiteElo "1921"]
[BlackElo "2126"]
[EventDate "2014.03.04"]
[PlyCount "48"]

1. d4 Nf6 2. c4 e6 3. Nf3 Bb4+ 4. Bd2 Bxd2+ 5. Nbxd2 d6 6. e3 Qe7 7. Bd3 
e5 8. Qc2 O-O 9. O-O Re8 10. Ne4 h6 11. dxe5 dxe5 12. Qb3 Nbd7 13. Nxf6+ 
Nxf6 14. Bc2 b6 15. Rad1 Bb7 16. Nh4 Ne4 17. Nf5 Qe6 18. Bxe4 Bxe4 19. Ng3
Bb7 20. Qc3 Rad8 21. Rd3 Rxd3 22. Qxd3 g6 23. Rd1 Kf8 24. b3 h5 1/2-1/2

[Event "N1 Reykjavik Open 2014"]
[Site "Reykjavik, Iceland"]
[Date "2014.03.09"]
[Round "7.78"]
[White "Hackner, Oskar A"]
[Black "Plater, Ronald"]
[Result "1-0"]
[WhiteElo "2105"]
[BlackElo "1938"]
[EventDate "2014.03.04"]
[PlyCount "0"]

1. d4 Nf6 2. c4 e6 3. Nc3 d5 4. cxd5 exd5 5. Bg5 Be7 6. e3 O-O 7. Bd3 h6 
8. Bh4 Re8 9. Nge2 c6 10. Qc2 Nbd7 11. O-O Ne4 12. Bxe7 Qxe7 13. Bxe4 dxe4
14. Ng3 Nf6 15. h3 b6 16. f3 Ba6 17. fxe4 Bxf1 18. Rxf1 Qd7 19. Qe2 c5 20.
 Rxf6 cxd4 21. Nd5 Rac8 22. Rf1 dxe3 23. Nf5 Rc6 24. Qg4 1-0

[Event "N1 Reykjavik Open 2014"]
[Site "Reykjavik, Iceland"]
[Date "2014.03.09"]
[Round "7.79"]
[White "Bjarnason, Saevar"]
[Black "Flodmark, Tarras"]
[Result "1-0"]
[WhiteElo "2101"]
[BlackElo "1922"]
[EventDate "2014.03.04"]
[PlyCount "0"]

1. Nf3 Nf6 2. g3 d5 3. Bg2 e6 4. O-O Be7 5. c4 c6 6. d4 O-O 7. Nc3 Nbd7 8.
 b3 b6 9. Bb2 Bb7 10. Rc1 Rc8 11. cxd5 cxd5 12. Ne5 a6 13. e3 Bd6 14. f4 
Qe7 15. Qd3 Ne8 16. e4 Ndf6 17. exd5 exd5 18. Nxd5 Nxd5 19. Rxc8 Nb4 20. 
Qc4 Bxg2 21. Kxg2 b5 22. Qc3 f6 23. Nf3 Nd5 24. Qe1 Ne3+ 25. Kf2 Qd7 26. 
Qxe3 Qxc8 27. Rc1 Qd7 28. Qe4 Nc7 29. Qc6 Qxc6 30. Rxc6 Rd8 31. Bc3 Rd7 
32. Ba5 1-0

[Event "N1 Reykjavik Open 2014"]
[Site "Reykjavik, Iceland"]
[Date "2014.03.09"]
[Round "7.80"]
[White "Restuccia, Francisco"]
[Black "Gardarsson, Halldor"]
[Result "1/2-1/2"]
[WhiteElo "2093"]
[BlackElo "1895"]
[EventDate "2014.03.04"]
[PlyCount "71"]

1. e4 g6 2. d4 Bg7 3. Nc3 d6 4. Bc4 Nf6 5. Qe2 e5 6. dxe5 dxe5 7. Bg5 c6 
8. Rd1 Qc7 9. Qd2 h6 10. Be3 Nbd7 11. f3 a5 12. a4 h5 13. Nge2 O-O 14. h3 
Nb6 15. Bb3 Be6 16. Bc5 Rfd8 17. Bd6 Qc8 18. Qg5 Bxb3 19. cxb3 Nh7 20. Qe3
Nd7 21. g4 Nhf6 22. O-O Re8 23. Ng3 hxg4 24. fxg4 Nf8 25. Nce2 b5 26. Qc3 
b4 27. Qc4 Qe6 28. Rf3 Qxc4 29. bxc4 N8d7 30. g5 Nh7 31. h4 Bf8 32. c5 
Nxc5 33. Bxf8 Nxf8 34. h5 Nfe6 35. hxg6 fxg6 36. Rd6 1/2-1/2

[Event "N1 Reykjavik Open 2014"]
[Site "Reykjavik, Iceland"]
[Date "2014.03.09"]
[Round "7.81"]
[White "Sigurdarson, Emil"]
[Black "Thorsteinsdottir, Gudlaug"]
[Result "1-0"]
[WhiteElo "1867"]
[BlackElo "2056"]
[EventDate "2014.03.04"]
[PlyCount "0"]

1. e4 c5 2. Nf3 e6 3. d4 cxd4 4. Nxd4 a6 5. Nc3 Qc7 6. Be2 Nf6 7. f4 Bb4 
8. Qd3 Bxc3+ 9. bxc3 Nxe4 10. O-O d5 11. c4 Qxc4 12. Qxe4 Qc3 13. Qe3 Qxa1
14. Ba3 Qxa2 15. Nf5 d4 16. Nxg7+ Kd8 17. Qxd4+ Nd7 18. Qa4 Qd5 19. Rd1 
Qc6 20. Qa5+ b6 21. Qg5+ Kc7 22. Bf3 f6 23. Qh5 1-0